|
|
|
|
| LEADER |
00000nab a2200000uu 4500 |
| 001 |
vtls011502273 |
| 003 |
SK-MaSNL |
| 005 |
20260303155109.0 |
| 008 |
230222|1954 xo |||||||||||||||||cze| |
| 015 |
|
|
|a SNBRB
|
| 035 |
|
|
|a (urnnbn)urn:nbn:sk:snk:ar-a0ahiw
|
| 035 |
|
|
|a (uuid)8b183d33-c611-4828-b3fb-91d5bd4bedad
|
| 035 |
|
|
|a urn:nbn:sk:snk-abdwf8
|
| 040 |
|
|
|a SNKBUCL
|b slo
|c SNKBUCL
|e AACR2
|
| 041 |
0 |
|
|a cze
|
| 044 |
|
|
|a xo
|c SK
|
| 100 |
1 |
|
|a Matoušek, Antonín
|4 aut
|9 470047
|
| 245 |
1 |
0 |
|a Nejčastější chyby při odporovém svařování ocelí na tupo a jejich odstraňování
|c Antonín Matoušek, E. Honzík
|
| 700 |
1 |
|
|a Honzík, E.
|4 aut
|9 1178345
|
| 773 |
0 |
|
|t Zváranie : odborný časopis československých zváračov
|g Roč. 3, č. 7 (1954), s. 205-214
|
| 954 |
|
|
|a odborná, vedecká literatúra pôvodná (slovenská)
|2 lita
|
| 954 |
|
|
|a odborná, vedecká literatúra cudzojazyčná (svetová)
|2 lita
|
| 958 |
|
|
|a OND
|
| 958 |
|
|
|a EUIPO
|
| 958 |
|
|
|a article20
|
| 999 |
|
|
|c 2038621
|d 2040551
|